Real essays with readings: writing projects for college, work, and everyday life (Record no. 4740)
[ view plain ]
| 000 -LEADER | |
|---|---|
| fixed length control field | 00455 a2200133 4500 |
| 020 ## - INTERNATIONAL STANDARD BOOK NUMBER | |
| International Standard Book Number | 0312399154 |
| 035 ## - SYSTEM CONTROL NUMBER | |
| System control number | (DLC) 2002112253 |
| 040 ## - CATALOGING SOURCE | |
| Original cataloging agency | DLC |
| Language of cataloging | DLC |
| 100 1# - MAIN ENTRY--PERSONAL NAME | |
| Personal name | Anker, Susan. |
| 245 10 - TITLE STATEMENT | |
| Title | Real essays with readings: writing projects for college, work, and everyday life |
| Remainder of title | writing projects for college, work, and everyday life |
| Statement of responsibility, etc. | Susan. Anker. |
| 260 ## - PUBLICATION, DISTRIBUTION, ETC. | |
| Place of publication, distribution, etc. | Boston, MA : |
| Name of publisher, distributor, etc. | Bedford/St. Martin's, |
| Date of publication, distribution, etc. | 2003. |
| 300 ## - PHYSICAL DESCRIPTION | |
| Extent | p. |
| Dimensions | cm. |
| 942 ## - ADDED ENTRY ELEMENTS (KOHA) | |
| Koha item type | Book |
| Call number prefix | 808.42 ANK |
| Source of classification or shelving scheme | |
| Withdrawn status | Lost status | Damaged status | Not for loan | Collection code | Permanent Location | Current Location | Shelving location | Date acquired | Source of acquisition | Cost, normal purchase price | Total Checkouts | Total Renewals | Full call number | Barcode | Date last seen | Date last checked out | Price effective from | Koha item type |
|---|---|---|---|---|---|---|---|---|---|---|---|---|---|---|---|---|---|---|
| Central Library (CL) | Central Library (CL) | General Stacks | 08/22/2005 | Progressive International Agencies | 3823.94 | 5 | 3 | 808.42 ANK | SEECS006353 | 07/07/2025 | 08/13/2024 | 01/05/2017 | Book |
